Normal view
MARC view
- Translated by C. Lyons, Malcolm with URSULA LYONS
Entry Personal Name
001 - CONTROL NUMBER
- control field: 2647
003 - CONTROL NUMBER IDENTIFIER
- control field: JO-AjAnu
005 - DATE AND TIME OF LATEST TRANSACTION
- control field: 20230606070734.0
008 - FIXED-LENGTH DATA ELEMENTS
- fixed length control field: 230606|| aca||aabn | a|a d
040 ## - CATALOGING SOURCE
- Original cataloging agency: JO-AjAnu
- Transcribing agency: JO-AjAnu
100 ## - HEADING--PERSONAL NAME
- Personal name: Translated by C. Lyons, Malcolm with URSULA LYONS
670 ## - SOURCE DATA FOUND
- Source citation: Work cat.: (JO-AjAnu)1383: Translated by C. Lyons, Malcolm with URSULA LYONS, author, The Arabian Nights Tales Of 1001 Night , Volume 2 Nighets 295 to 719